Phương pháp tổ chức lớp học theo mô hình trường học mới : Tài liệu thử nghiệm đào tạo giáo viên tiểu học trình độ cao đẳng và đại học

Gồm 2 phần giới thiệu phương pháp dạy học các môn về tự nhiên và xã hội, tổ chức học tập các môn về tự nhiên và xã hội.

Spremljeno u:
Bibliografski detalji
Format: Knjiga
Jezik:Undetermined
Izdano: Hà Nội Nxb. Đại học Sư phạm 2016
Teme:
Oznake: Dodaj oznaku
Bez oznaka, Budi prvi tko označuje ovaj zapis!
Thư viện lưu trữ: Trung tâm Học liệu Trường Đại học Cần Thơ
LEADER 00891nam a2200181Ia 4500
001 CTU_224668
008 210402s9999 xx 000 0 und d
082 |a 372.044 
082 |b Ph561 
245 0 |a Phương pháp tổ chức lớp học theo mô hình trường học mới : 
245 0 |b Tài liệu thử nghiệm đào tạo giáo viên tiểu học trình độ cao đẳng và đại học 
260 |a Hà Nội 
260 |b Nxb. Đại học Sư phạm 
260 |c 2016 
520 |a Gồm 2 phần giới thiệu phương pháp dạy học các môn về tự nhiên và xã hội, tổ chức học tập các môn về tự nhiên và xã hội. 
650 |a Elementary school teaching,Giảng dạy tiểu học 
910 |b nthai 
980 |a Trung tâm Học liệu Trường Đại học Cần Thơ